| 000 | 00697nam a2200205Ii 4500 | ||
|---|---|---|---|
| 003 | JO-AjNU | ||
| 008 | 230606s9999||||xx |||||||||||||| ||und|| | ||
| 020 | _a978-0-415-96270-4 | ||
| 040 |
_aJO-AjNU _beng _erda _cJO-AjNU |
||
| 041 | _aeng | ||
| 050 | 1 | 4 | _aP128.C68.G75 2008 |
| 100 | 3 |
_aTh.Gries,Stefan تأليف, _eauthor _91659 |
|
| 245 | 0 | 0 | _aQuantitative Corpus Linguistics Withr:A Practical Introduction |
| 264 | 3 | 1 | _aNew York And London:Routledge Taylor&Francis Group,2008 |
| 300 | _a248p | ||
| 336 |
_atext _btxt _2rdacontent |
||
| 337 |
_aunmediated _bn _2rdamedia |
||
| 338 |
_avolume _bnc _2rdacarrier |
||
| 650 | 4 |
_aQuantitative Corpus Linguistics Withr-A Practical Introduction _91660 |
|
| 999 |
_aE870 _c870 _d870 |
||